1302 1855 1709 1280 1087 1428 1603 1469 1599 1705 1203 1351 1073 1648 1954 1316 1442 1561 1563 1178 1064 1342 1914 1135 1326 1734 1964 1442 1824 1967 1921 1032 1453 1513 1434 1667 1299 1165 1821 1724 1140 1676 1542 1140 1209 1142 1389 1492 1768 1859 1698 1700 1535 1208 1166 1502 1390 1410 1296 1298 1657 1635 1616 1888 1133 1586 1271 1828 1150 1160 1969 1624 1841 1291 1584 1643 1030 1287 1405 1029 1922 1369 1901 1999 1233 1368 1822 1561 1025 1800 1443 1851 1721 1119 1313 1665 1765 1427 1231 BCNSPRNW ULIB Ver.6.0+V

เปลี่ยนเป็นภาษาไทย

Change to English
 แสดงรายละเอียดบรรณานุกรม
  กลับหน้าหลัก

Brief Record : Get Marc (ISO 2709) : E-mail record : QR code < ปิดหน้าต่าง
LEADER : 00000nam 2200000uu 4500
001    13399121755
003     ULIB
008    121204s2555||||th 000 0 tha d
020    ^a9786160002979
090    ^aนว.^bป618ป
100 0  ^aปิ่นปินัทธ์
245 10 ^aปทมาศวรรย์ /^cปิ่นปินัทธ์
250    ^aพิมพ์ครั้งที่ 1
260    ^aกรุงเทพฯ :^bพิมพ์คำ,^c2555
300    ^a567 หน้า ;^c21 ซม.
490 0  ^aชุดดวงดอกไม้
650  4 ^aนวนิยายไทย
830  0 ^aชุดดวงดอกไม้
945    ^p340^l0^i033170
999    ^aใช้งานได้ทุกระบบ
รายการนี้ยังไม่มีแท็ก
คุณยังไม่ได้ล็อกอิน คุณสามารถมีกิจกรรมร่วมกับเว็บไซต์ได้ แต่ต้องล็อกอินก่อน ::
  ล็อกอิน

รายการสื่อสารสนเทศ

ลำดับที่ ประเภท เลขเรียก/บาร์โค้ด สถานที่ สถานะ
1. นวนิยาย
นวนิยาย
นว. ป618ป  
  Barcode: 033170
ห้องสมุดวิทยาเขตสวรรค์ประชารักษ์
►นวนิยาย
บนชั้น
  ขอยืม

รายการใกล้เคียง
    ผู้แต่ง [ปิ่นปินัทธ์]

    หัวเรื่อง [นวนิยายไทย]

BibComment


ยังไม่เคยถูกคอมเมนท์

คอมเมนท์ทรัพยากรรายการนี้
  คอมเมนท์: ปทมาศวรรย์ ปิ่น..


 Copyright 2026. Bcnsprnw @Library